Manual of export promotion / (Record no. 123510)

MARC details
000 -LEADER
fixed length control field 00610nam a22002177a 4500
005 - DATE AND TIME OF LATEST TRANSACTION
control field 20170124105926.0
010 ## - LIBRARY OF CONGRESS CONTROL NUMBER
LC control number 891012
020 ## - INTERNATIONAL STANDARD BOOK NUMBER
Terms of availability 00.00
035 ## - SYSTEM CONTROL NUMBER
System control number 891012
037 ## - SOURCE OF ACQUISITION
Source of stock number/acquisition Cen Lib/Ret
040 ## - CATALOGING SOURCE
Original cataloging agency DPL
Language of cataloging EN
082 ## - DEWEY DECIMAL CLASSIFICATION NUMBER
Classification number 382.602
Item number CHA
100 ## - MAIN ENTRY--PERSONAL NAME
Personal name Chatwal,K.S.
9 (RLIN) 74038
245 ## - TITLE STATEMENT
Title Manual of export promotion /
Statement of responsibility, etc by K.S.Chatwal
260 ## - PUBLICATION, DISTRIBUTION, ETC. (IMPRINT)
Place of publication, distribution, etc New Delhi
Name of publisher, distributor, etc EMMS
Date of publication, distribution, etc 1977
270 ## - ADDRESS
Address 902,Akash Deep 26A, Barakhamba road
City New Delhi
Postal code 110001
300 ## - PHYSICAL DESCRIPTION
Extent 372p.
Dimensions 22cm(Hb)
650 ## - SUBJECT ADDED ENTRY--TOPICAL TERM
Topical term or geographic name as entry element Commerce
9 (RLIN) 74039
650 ## - SUBJECT ADDED ENTRY--TOPICAL TERM
Topical term or geographic name as entry element Marketing-Organisation
9 (RLIN) 74040
942 ## - ADDED ENTRY ELEMENTS (KOHA)
Source of classification or shelving scheme Dewey Decimal Classification
Koha item type English Books
Classification part 382.602
Call number suffix CHA
Holdings
Withdrawn status Lost status Damaged status Not for loan Home library Current library Date acquired Source of acquisition Cost, normal purchase price Total Checkouts Full call number Barcode Date last seen Copy number Cost, replacement price Price effective from Koha item type Public note
Written off       Central Library Central Library 08/06/2015 Cen Lib/Ret 0.00   382.602 CHH 891012 08/06/2015 1 0.00 08/06/2015 English Books Written off on approval by DLB (By Circulation); dtd 15-06-2023

© Delhi Public Library
Hit Counter
free hit counter